El benemérito educador Ing. D. Miguel F. Martínez : (Record no. 5554)
[ view plain ]
| 000 -CABECERA | |
|---|---|
| campo de control de longitud fija | 00586nam a2200169 a 4500 |
| 005 - FECHA Y HORA DE LA ÚLTIMA TRANSACCIÓN | |
| campo de control | 20240618063655.0 |
| 008 - ELEMENTOS DE LONGITUD FIJA--INFORMACIÓN GENERAL | |
| campo de control de longitud fija | 991125s1950 mx 000 0 spa u |
| 035 ## - NÚMERO DE CONTROL DEL SISTEMA | |
| Número de control de sistema | UPN01000005554 |
| 049 ## - COLECCIÓN | |
| Colección | CG |
| 050 #4 - SIGNATURA TOPOGRÁFICA DE LA BIBLIOTECA DEL CONGRESO | |
| Número de clasificación | LB775.6 M32 |
| Número de documento/Ítem | O7.2 |
| 100 1# - ASIENTO PRINCIPAL--NOMBRE PERSONAL | |
| Nombre de persona | Ordóñez, Plinio Daniel, |
| Fechas asociadas al nombre | 1882-1970 |
| 9 (RLIN) | 28573 |
| 245 13 - MENCIÓN DE TÍTULO | |
| Título | El benemérito educador Ing. D. Miguel F. Martínez : |
| Resto del título | notas biográficas / |
| Mención de responsabilidad, etc. | escritas y ordenadas por Pliano D. Ordóñez. |
| 260 ## - PUBLICACIÓN, DISTRIBUCIÓN, ETC. | |
| Lugar de publicación, distribución, etc. | Nuevo León : |
| Nombre del editor, distribuidor, etc. | [s.n.], |
| Fecha de publicación, distribución, etc. | 1950. |
| 300 ## - DESCRIPCIÓN FÍSICA | |
| Extensión | xi, 242 p., [1] h. de láms. |
| 600 14 - ASIENTO SECUNDARIO DE MATERIA - NOMBRE PERSONAL | |
| Nombre de persona | MARTINEZ, MIGUEL F., |
| Fechas asociadas al nombre | 1850-1919 |
| 9 (RLIN) | 26387 |
| 905 ## - TIPO DE MATERIAL | |
| Tipo de material | Libro |
| Estado de retiro | Estado de pérdida | Fuente del sistema de clasificación o colocación | Estado dañado | No para préstamo | Código de colección | Localización permanente | Ubicación/localización actual | Ubicación en estantería | Total de préstamos | Clasificación | Código de barras | Fecha visto por última vez | Número de copia | Tipo de ítem Koha |
|---|---|---|---|---|---|---|---|---|---|---|---|---|---|---|
| Library of Congress Classification | Colección General | Bib. Gregorio Torres Quintero | Bib. Gregorio Torres Quintero | Planta baja | 1 | LB775.6 M32 O7.2 | 44705 | 31/12/2020 | 1 | Libro |
